[Event "MPA 1580 2024"]
[Site "Sianozety"]
[Date "2024.04.12"]
[Round "9.14"]
[White "Uniwersal, Robert"]
[Black "Karaszewski, Tomasz"]
[Result "1-0"]
[BlackElo "1408"]
[WhiteElo "1578"]
[LiveChessVersion "1.4.4"]

1. d4 {[%clk 1:30:57]} Nf6 {[%clk 1:30:53]} 2. c4 {[%clk 1:31:21]} c5
{[%clk 1:31:16]} 3. d5 {[%clk 1:31:43]} b5 {[%clk 1:31:32]} 4. cxb5
{[%clk 1:32:00]} a6 {[%clk 1:31:49]} 5. e3 {[%clk 1:32:21]} axb5 {[%clk 1:30:22]}
6. Bxb5 {[%clk 1:32:13]} Qa5+ {[%clk 1:27:57]} 7. Nc3 {[%clk 1:31:50]} Ne4
{[%clk 1:24:15]} 8. Nge2 {[%clk 1:27:14]} Ba6 {[%clk 1:18:35]} 9. Bxa6
{[%clk 1:22:56]} Rxa6 {[%clk 1:18:47]} 10. O-O {[%clk 1:21:45]} Nxc3
{[%clk 1:14:18]} 11. Nxc3 {[%clk 1:22:07]} d6 {[%clk 1:14:41]} 12. Bd2
{[%clk 1:14:16]} g6 {[%clk 1:14:03]} 13. a4 {[%clk 0:58:53]} Bg7 14. Nb5
{[%clk 0:58:47]} Qd8 {[%clk 1:08:59]} 15. Qc2 {[%clk 0:54:36]} O-O
{[%clk 1:08:36]} 16. Bc3 {[%clk 0:54:51]} Nd7 {[%clk 1:03:34]} 17. Bxg7
{[%clk 0:52:52]} Kxg7 {[%clk 1:02:47]} 18. b4 {[%clk 0:44:51]} Qb6
{[%clk 0:57:49]} 19. Rfb1 {[%clk 0:39:56]} Rc8 {[%clk 0:51:47]} 20. Nd4
{[%clk 0:37:22]} Nb8 {[%clk 0:46:18]} 21. b5 {[%clk 0:37:19]} Ra8
{[%clk 0:41:58]} 22. Nc6 {[%clk 0:37:29]} Re8 {[%clk 0:39:14]} 23. Qb2+
{[%clk 0:36:02]} Kg8 {[%clk 0:37:00]} 24. a5 {[%clk 0:35:32]} Qb7
{[%clk 0:34:07]} 25. a6 {[%clk 0:32:54]} Qb6 {[%clk 0:32:24]} 26. Qa3
{[%clk 0:33:08]} Nxc6 {[%clk 0:29:03]} 27. dxc6 {[%clk 0:33:28]} Rec8
{[%clk 0:28:54]} 28. Qa5 {[%clk 0:33:38]} 1-0

[Event "MPA 1820 2024"]
[Site "Sianozety"]
[Date "2024.04.12"]
[Round "1.1"]
[White "Olej, Dariusz"]
[Black "Pierzak, Rafael"]
[Result "0-1"]
[BlackElo "1819"]
[WhiteElo "1692"]
[LiveChessVersion "1.4.4"]

1. Nf3 {[%clk 1:30:56]} Nf6 {[%clk 1:30:49]} 2. Na3 {[%clk 1:31:08]} d5
{[%clk 1:29:53]} 3. d4 {[%clk 1:31:00]} e6 {[%clk 1:29:47]} 4. b3
{[%clk 1:31:18]} c5 {[%clk 1:24:50]} 5. Nb1 {[%clk 1:25:35]} Nc6 {[%clk 1:22:50]}
6. e3 {[%clk 1:22:18]} cxd4 {[%clk 1:20:02]} 7. exd4 {[%clk 1:21:56]} Ne4
{[%clk 1:14:00]} 8. c3 {[%clk 1:20:33]} Qa5 {[%clk 1:03:49]} 9. Qc2
{[%clk 1:17:54]} Bd7 {[%clk 1:02:08]} 10. Bd3 {[%clk 1:16:56]} f5
{[%clk 1:00:29]} 11. O-O {[%clk 1:16:26]} Bd6 {[%clk 0:59:31]} 12. Bd2
{[%clk 1:15:08]} O-O {[%clk 0:55:49]} 13. Be1 {[%clk 1:12:13]} Rac8
{[%clk 0:54:29]} 14. Qb2 {[%clk 1:11:40]} Qc7 {[%clk 0:49:11]} 15. Nbd2
{[%clk 1:07:58]} e5 {[%clk 0:41:32]} 16. Rc1 {[%clk 1:06:17]} Nxd2
{[%clk 0:41:31]} 17. Nxd2 {[%clk 1:06:28]} e4 {[%clk 0:41:46]} 18. Bb5
{[%clk 1:06:34]} Bxh2+ {[%clk 0:40:17]} 19. Kh1 {[%clk 1:06:56]} Bf4
{[%clk 0:37:53]} 20. g3 {[%clk 1:06:59]} Bg5 {[%clk 0:34:55]} 21. f4
{[%clk 1:05:05]} exf3 {[%clk 0:33:22]} 22. Nxf3 {[%clk 1:05:23]} Bf4 23. Kg1 Be3+
{[%clk 0:29:59]} 24. Kg2 {[%clk 1:04:54]} Bxc1 {[%clk 0:18:58]} 25. Qxc1
{[%clk 1:05:08]} Rce8 {[%clk 0:18:25]} 26. Bf2 {[%clk 1:04:52]} f4
{[%clk 0:17:27]} 27. Rh1 {[%clk 1:03:13]} Bg4 {[%clk 0:15:55]} 28. Ng1
{[%clk 0:59:34]} Qf7 {[%clk 0:13:49]} 29. Qc2 {[%clk 0:59:00]} Bf5
{[%clk 0:13:12]} 30. Bd3 {[%clk 0:57:34]} Bxd3 {[%clk 0:12:04]} 31. Qxd3
{[%clk 0:57:49]} Qf5 {[%clk 0:12:29]} 32. Qxf5 {[%clk 0:56:39]} Rxf5
{[%clk 0:12:58]} 33. g4 {[%clk 0:56:53]} Rf6 {[%clk 0:11:40]} 34. Rh5
{[%clk 0:56:59]} Rd6 {[%clk 0:10:57]} 35. Kf3 {[%clk 0:57:14]} g6
{[%clk 0:10:55]} 36. Rh2 {[%clk 0:56:45]} g5 {[%clk 0:10:54]} 37. Ne2
{[%clk 0:56:19]} Kg7 {[%clk 0:10:48]} 38. Rh1 {[%clk 0:55:55]} Rde6
{[%clk 0:10:46]} 39. Nc1 {[%clk 0:56:08]} Rh6 {[%clk 0:10:39]} 40. Rxh6
{[%clk 0:55:57]} Kxh6 {[%clk 0:11:08]} 41. Nd3 {[%clk 0:56:05]} b6
{[%clk 0:10:40]} 42. c4 {[%clk 0:54:50]} dxc4 {[%clk 0:09:29]} 43. bxc4
{[%clk 0:55:12]} Kg6 {[%clk 0:09:35]} 44. a3 {[%clk 0:54:10]} h5 {[%clk 0:09:37]}
45. d5 {[%clk 0:49:14]} hxg4+ {[%clk 0:08:14]} 46. Kxg4 {[%clk 0:49:14]} Ne5+
{[%clk 0:08:18]} 47. Nxe5+ {[%clk 0:49:28]} Rxe5 {[%clk 0:08:47]} 48. Kf3
{[%clk 0:48:48]} Kf5 {[%clk 0:09:04]} 49. a4 0-1

[Event "MPA 1820 2024"]
[Site "Sianozety"]
[Date "2024.04.12"]
[Round "1.2"]
[White "Iwan, Patryk"]
[Black "Labuc, Adrian"]
[Result "1/2-1/2"]
[BlackElo "1660"]
[WhiteElo "1815"]
[LiveChessVersion "1.4.4"]

1. e4 {[%clk 1:30:57]} c5 {[%clk 1:30:55]} 2. Nf3 {[%clk 1:31:24]} d6
{[%clk 1:31:18]} 3. d4 {[%clk 1:31:45]} cxd4 {[%clk 1:31:41]} 4. Nxd4
{[%clk 1:32:11]} Nf6 {[%clk 1:32:06]} 5. Nc3 {[%clk 1:32:37]} a6 {[%clk 1:32:31]}
6. Bg5 {[%clk 1:32:47]} e6 {[%clk 1:32:48]} 7. f4 {[%clk 1:33:06]} Be7
{[%clk 1:32:16]} 8. Qf3 {[%clk 1:33:30]} h6 {[%clk 1:29:01]} 9. Bxf6
{[%clk 1:32:43]} Bxf6 {[%clk 1:29:04]} 10. O-O-O {[%clk 1:32:05]} Qb6
{[%clk 1:26:39]} 11. Nb3 {[%clk 1:26:45]} Nd7 {[%clk 1:24:53]} 12. Qd3
{[%clk 1:19:52]} Be7 {[%clk 1:19:31]} 13. Be2 {[%clk 1:01:13]} Nc5
{[%clk 1:15:41]} 14. Nxc5 {[%clk 1:00:14]} Qxc5 {[%clk 1:15:32]} 15. Qd4
{[%clk 0:59:38]} Qxd4 {[%clk 1:14:18]} 16. Rxd4 {[%clk 0:59:50]} b5
{[%clk 1:13:11]} 17. Bf3 {[%clk 0:53:22]} Bb7 {[%clk 1:12:27]} 18. f5
{[%clk 0:40:46]} Bg5+ {[%clk 1:00:17]} 19. Kb1 {[%clk 0:39:09]} Bf4
{[%clk 0:56:55]} 20. Ne2 {[%clk 0:29:34]} Be5 {[%clk 0:57:15]} 21. Rd3
{[%clk 0:29:07]} b4 {[%clk 0:54:01]} 22. Nd4 {[%clk 0:24:42]} Ke7
{[%clk 0:53:14]} 23. h3 {[%clk 0:22:36]} Bxd4 {[%clk 0:45:21]} 24. Rxd4
{[%clk 0:23:02]} a5 {[%clk 0:45:31]} 25. Rhd1 {[%clk 0:20:09]} Rhd8
{[%clk 0:45:57]} 26. R4d3 {[%clk 0:13:06]} e5 {[%clk 0:44:43]} 27. c3
{[%clk 0:11:39]} Ba6 {[%clk 0:43:25]} 28. Re3 {[%clk 0:11:27]} Rab8
{[%clk 0:42:36]} 29. Rd5 {[%clk 0:09:24]} Rb5 {[%clk 0:35:47]} 30. Rxb5
{[%clk 0:07:20]} Bxb5 {[%clk 0:36:15]} 31. cxb4 {[%clk 0:07:39]} axb4
{[%clk 0:35:50]} 32. a3 {[%clk 0:07:47]} bxa3 {[%clk 0:35:21]} 33. Rxa3
{[%clk 0:08:01]} Rc8 {[%clk 0:33:28]} 34. Re3 {[%clk 0:05:57]} Bf1
{[%clk 0:31:15]} 35. b3 {[%clk 0:05:37]} Kd7 {[%clk 0:30:44]} 36. Kb2
{[%clk 0:02:34]} Rc5 {[%clk 0:30:27]} 37. h4 {[%clk 0:01:50]} Kc6
{[%clk 0:29:20]} 38. g3 {[%clk 0:01:39]} Kb5 {[%clk 0:28:22]} 39. Be2+
{[%clk 0:01:10]} Bxe2 {[%clk 0:28:43]} 40. Rxe2 {[%clk 0:01:39]} Kb4 41. Rc2
{[%clk 0:01:36]} h5 {[%clk 0:25:06]} 42. Rg2 {[%clk 0:01:19]} Rc3
{[%clk 0:25:21]} 43. g4 {[%clk 0:01:24]} Rxb3+ {[%clk 0:25:32]} 44. Kc2
{[%clk 0:01:48]} Ra3 {[%clk 0:24:27]} 45. Kb2 {[%clk 0:01:53]} Re3
{[%clk 0:24:04]} 46. gxh5 {[%clk 0:01:14]} Rxe4 {[%clk 0:24:21]} 47. Rxg7
{[%clk 0:00:41]} Rxh4 {[%clk 0:24:43]} 48. Rxf7 {[%clk 0:00:42]} Rxh5
{[%clk 0:24:59]} 49. f6 {[%clk 0:00:59]} Rf5 {[%clk 0:25:08]} 50. Rf8
{[%clk 0:00:51]} e4 {[%clk 0:23:56]} 51. f7 {[%clk 0:00:56]} Kc4 {[%clk 0:23:23]}
52. Rc8+ {[%clk 0:01:13]} Kd3 {[%clk 0:23:47]} 53. f8=Q {[%clk 0:01:08]} Rxf8
{[%clk 0:24:15]} 54. Rxf8 {[%clk 0:01:24]} e3 {[%clk 0:24:32]} 55. Re8
{[%clk 0:00:57]} Kd2 {[%clk 0:23:34]} 56. Rd8 {[%clk 0:00:59]} e2
{[%clk 0:23:35]} 57. Rxd6+ {[%clk 0:01:26]} Ke3 {[%clk 0:23:49]} 58. Re6+
{[%clk 0:01:32]} Kd2 {[%clk 0:24:06]} 59. Rd6+ {[%clk 0:01:52]} Ke3
{[%clk 0:24:23]} 60. Kc2 {[%clk 0:01:58]} e1=Q {[%clk 0:24:40]} 61. Re6+
{[%clk 0:02:20]} Kf2 {[%clk 0:24:59]} 62. Rxe1 {[%clk 0:02:40]} Kxe1
{[%clk 0:25:18]} 1/2-1/2

[Event "MPA 1820 2024"]
[Site "Sianozety"]
[Date "2024.04.12"]
[Round "1.3"]
[White "Grzegorczyk, Konrad"]
[Black "Szymkowiak, Damian"]
[Result "0-1"]
[BlackElo "1813"]
[WhiteElo "1656"]
[LiveChessVersion "1.4.4"]

1. e4 {[%clk 1:30:56]} c5 {[%clk 1:29:52]} 2. Nf3 {[%clk 1:31:07]} e6
{[%clk 1:30:11]} 3. b4 {[%clk 1:31:23]} b6 4. Bb2 {[%clk 1:27:32]} Bb7
{[%clk 1:30:18]} 5. e5 Nh6 {[%clk 1:27:53]} 6. Be2 {[%clk 1:20:41]} Be7
{[%clk 1:28:01]} 7. bxc5 {[%clk 1:16:37]} bxc5 {[%clk 1:28:17]} 8. Nc3
{[%clk 1:15:57]} O-O {[%clk 1:28:25]} 9. h3 {[%clk 1:12:35]} Nc6 {[%clk 1:25:00]}
10. Nb5 {[%clk 1:09:32]} d6 {[%clk 1:24:12]} 11. d4 {[%clk 0:52:18]} cxd4
{[%clk 1:22:59]} 12. Nbxd4 {[%clk 0:51:02]} Nxe5 {[%clk 1:22:37]} 13. Nxe5
{[%clk 0:46:31]} dxe5 {[%clk 1:22:51]} 14. Nf3 {[%clk 0:43:02]} Bxf3
{[%clk 1:22:46]} 15. Bxf3 {[%clk 0:41:13]} Qa5+ {[%clk 1:23:02]} 16. c3
{[%clk 0:40:05]} Rab8 {[%clk 1:21:55]} 17. Qc2 {[%clk 0:39:19]} Qb5
{[%clk 1:13:54]} 18. Bc1 {[%clk 0:39:29]} Nf5 {[%clk 1:13:45]} 19. Be4
{[%clk 0:32:53]} Rfc8 {[%clk 1:12:39]} 20. Bd3 {[%clk 0:25:20]} Qc6
{[%clk 1:12:52]} 21. O-O {[%clk 0:20:08]} Qxc3 {[%clk 1:13:07]} 22. Qxc3
{[%clk 0:17:28]} Rxc3 {[%clk 1:13:28]} 23. Be4 {[%clk 0:17:21]} Nd6
{[%clk 1:12:37]} 24. Bf3 {[%clk 0:15:55]} e4 {[%clk 1:11:58]} 25. Be2
{[%clk 0:14:53]} Rc2 {[%clk 1:12:12]} 26. Re1 {[%clk 0:15:15]} Bf6
{[%clk 1:12:29]} 27. Bf4 {[%clk 0:13:27]} Bxa1 {[%clk 1:12:04]} 28. Rxa1
{[%clk 0:10:28]} Rxe2 {[%clk 1:12:22]} 29. Bxd6 {[%clk 0:10:50]} Rbb2
{[%clk 1:11:34]} 30. Bc5 {[%clk 0:10:07]} Rxa2 {[%clk 1:11:44]} 31. Rb1
{[%clk 0:10:31]} h6 {[%clk 1:12:04]} 32. Rb8+ {[%clk 0:10:35]} Kh7
{[%clk 1:12:20]} 33. Rb7 {[%clk 0:10:54]} Kg6 {[%clk 1:09:47]} 34. Bxa7
{[%clk 0:10:53]} h5 {[%clk 1:09:36]} 35. Be3 {[%clk 0:10:35]} h4 {[%clk 1:09:37]}
36. Rb5 {[%clk 0:10:45]} f6 {[%clk 1:08:34]} 37. Rb4 {[%clk 0:10:00]} Re1+
{[%clk 1:08:54]} 38. Kh2 {[%clk 0:09:58]} Raa1 {[%clk 1:09:14]} 39. Rxe4
{[%clk 0:09:24]} Rh1# {[%clk 1:08:54]} 0-1

[Event "MPA 1820 2024"]
[Site "Sianozety"]
[Date "2024.04.12"]
[Round "1.4"]
[White "Przygrodzki, Jan"]
[Black "Przytocki, Bartosz"]
[Result "0-1"]
[BlackElo "1651"]
[WhiteElo "1802"]
[LiveChessVersion "1.4.4"]

1. d4 {[%clk 1:30:55]} d5 {[%clk 1:30:30]} 2. Nc3 {[%clk 1:31:09]} Nf6
{[%clk 1:30:41]} 3. Bf4 {[%clk 1:31:28]} e6 {[%clk 1:30:54]} 4. Nb5
{[%clk 1:31:10]} Na6 {[%clk 1:31:17]} 5. e3 {[%clk 1:30:52]} Be7 {[%clk 1:31:32]}
6. Nf3 {[%clk 1:28:42]} O-O {[%clk 1:31:47]} 7. h3 {[%clk 1:16:29]} c6
{[%clk 1:25:59]} 8. Nc3 {[%clk 1:16:20]} c5 {[%clk 1:25:56]} 9. Bxa6
{[%clk 0:57:23]} bxa6 {[%clk 1:26:14]} 10. O-O {[%clk 0:57:47]} Bd7
{[%clk 1:13:37]} 11. Ne5 {[%clk 0:47:35]} Rc8 {[%clk 1:10:55]} 12. Nxd7
{[%clk 0:40:44]} Qxd7 {[%clk 1:07:47]} 13. dxc5 {[%clk 0:35:51]} Rxc5
{[%clk 1:03:00]} 14. Qe2 {[%clk 0:33:48]} Qc6 {[%clk 0:55:43]} 15. Be5
{[%clk 0:34:03]} Ne4 {[%clk 0:49:17]} 16. Rac1 {[%clk 0:27:03]} Nxc3
{[%clk 0:45:11]} 17. Bxc3 {[%clk 0:27:04]} Rc8 {[%clk 0:43:19]} 18. Bb4
{[%clk 0:26:50]} Qa4 {[%clk 0:35:12]} 19. Bxc5 {[%clk 0:26:56]} Rxc5
{[%clk 0:35:33]} 20. c3 {[%clk 0:26:19]} Bf6 {[%clk 0:23:47]} 21. b3
{[%clk 0:22:13]} Qa3 {[%clk 0:22:01]} 22. c4 {[%clk 0:17:28]} g6 {[%clk 0:19:39]}
23. Rc2 {[%clk 0:15:58]} dxc4 {[%clk 0:17:42]} 24. Rxc4 {[%clk 0:15:51]} Rxc4
{[%clk 0:17:54]} 25. bxc4 {[%clk 0:15:44]} Be7 {[%clk 0:17:08]} 26. Rb1
{[%clk 0:15:18]} Bd6 {[%clk 0:14:15]} 27. Qc2 {[%clk 0:12:46]} Qa5
{[%clk 0:14:01]} 28. Rd1 {[%clk 0:11:59]} Qe5 {[%clk 0:13:00]} 29. g3
{[%clk 0:10:47]} h5 {[%clk 0:13:17]} 30. h4 {[%clk 0:08:29]} Bc5 {[%clk 0:11:05]}
31. Rd8+ {[%clk 0:06:17]} Kg7 {[%clk 0:10:38]} 32. Qb1 {[%clk 0:05:16]} Bxe3
{[%clk 0:10:20]} 33. fxe3 {[%clk 0:03:26]} Qxg3+ {[%clk 0:10:41]} 34. Kf1
{[%clk 0:03:42]} Qf3+ {[%clk 0:11:06]} 35. Ke1 {[%clk 0:03:52]} Qh1+
{[%clk 0:11:29]} 0-1

[Event "MPA 1820 2024"]
[Site "Sianozety"]
[Date "2024.04.12"]
[Round "1.5"]
[White "Kuriata, Karol"]
[Black "Kopacz, Przemyslaw"]
[Result "1/2-1/2"]
[BlackElo "1774"]
[WhiteElo "1648"]
[LiveChessVersion "1.4.4"]

1. e4 {[%clk 1:30:55]} c5 {[%clk 1:30:56]} 2. Nc3 {[%clk 1:31:19]} Nc6
{[%clk 1:31:15]} 3. Bb5 {[%clk 1:31:34]} g6 {[%clk 1:31:20]} 4. Bxc6
{[%clk 1:31:57]} dxc6 {[%clk 1:31:23]} 5. d3 {[%clk 1:32:12]} Bg7
{[%clk 1:31:31]} 6. Be3 {[%clk 1:31:22]} b6 {[%clk 1:31:45]} 7. Qd2
{[%clk 1:28:18]} e5 {[%clk 1:27:14]} 8. Nge2 {[%clk 1:27:08]} Be6
{[%clk 1:12:58]} 9. b3 {[%clk 1:20:38]} Qd6 10. O-O {[%clk 1:18:03]} Ne7
{[%clk 0:53:41]} 11. f4 {[%clk 1:14:12]} Bg4 {[%clk 0:43:28]} 12. h3
{[%clk 1:07:13]} Bxe2 {[%clk 0:41:56]} 13. Nxe2 {[%clk 1:06:52]} O-O-O 14. fxe5
{[%clk 0:51:29]} Bxe5 {[%clk 0:38:43]} 15. Bf4 {[%clk 0:51:08]} f5 16. Bxe5
{[%clk 0:49:21]} Qxe5 {[%clk 0:38:07]} 17. Qc3 Qxc3 {[%clk 0:29:37]} 18. Nxc3
{[%clk 0:47:15]} fxe4 {[%clk 0:28:49]} 19. Rf7 {[%clk 0:40:47]} Nd5
{[%clk 0:15:45]} 20. Nxd5 cxd5 {[%clk 0:15:15]} 21. Re1 {[%clk 0:30:06]} 1/2-1/2

[Event "MPA 1820 2024"]
[Site "Sianozety"]
[Date "2024.04.12"]
[Round "1.6"]
[White "Czepczynski, Boguslaw"]
[Black "Dykier, Marek"]
[Result "1-0"]
[BlackElo "1626"]
[WhiteElo "1771"]
[LiveChessVersion "1.4.4"]

1. c4 {[%clk 1:30:55]} e6 {[%clk 1:30:50]} 2. Nc3 {[%clk 1:31:11]} Nf6
{[%clk 1:30:55]} 3. g3 {[%clk 1:31:30]} d5 {[%clk 1:28:38]} 4. cxd5
{[%clk 1:31:53]} exd5 {[%clk 1:28:45]} 5. d4 {[%clk 1:32:03]} Nc6
{[%clk 1:19:11]} 6. Nf3 {[%clk 1:32:21]} Bd6 {[%clk 1:15:51]} 7. Bg2
{[%clk 1:32:36]} h6 {[%clk 1:10:22]} 8. O-O {[%clk 1:32:55]} Ne7 {[%clk 1:09:05]}
9. Re1 {[%clk 1:33:06]} O-O {[%clk 1:05:14]} 10. a3 {[%clk 1:33:13]} Re8
{[%clk 1:00:01]} 11. b4 {[%clk 1:33:14]} c6 {[%clk 0:57:55]} 12. Qb3
{[%clk 1:32:54]} Be6 {[%clk 0:57:18]} 13. a4 {[%clk 1:32:30]} a6 {[%clk 0:49:35]}
14. Bb2 {[%clk 1:32:14]} Nf5 {[%clk 0:48:55]} 15. e3 {[%clk 1:32:11]} Ne4
{[%clk 0:38:01]} 16. Red1 {[%clk 1:31:44]} Qf6 {[%clk 0:32:53]} 17. Nxe4
{[%clk 1:16:24]} dxe4 {[%clk 0:32:25]} 18. d5 {[%clk 1:16:31]} Bxd5 19. Qc2
{[%clk 1:00:05]} Qe7 {[%clk 0:31:34]} 20. Nd4 {[%clk 1:00:06]} Nxd4
{[%clk 0:31:20]} 21. Rxd4 {[%clk 0:53:17]} Bxb4 {[%clk 0:31:30]} 22. a5
{[%clk 0:45:39]} Bd6 {[%clk 0:30:54]} 23. Qa4 {[%clk 0:41:03]} f5
{[%clk 0:30:55]} 24. Rb1 {[%clk 0:40:12]} Rad8 {[%clk 0:23:12]} 25. Rdd1
{[%clk 0:38:19]} Rd7 {[%clk 0:16:35]} 26. Bh3 {[%clk 0:37:43]} g6
{[%clk 0:14:01]} 27. Qd4 {[%clk 0:36:02]} Be5 {[%clk 0:13:56]} 28. Qa7
{[%clk 0:35:40]} Bxb2 {[%clk 0:12:23]} 29. Rxb2 {[%clk 0:36:00]} Red8
{[%clk 0:11:49]} 30. Rdb1 {[%clk 0:34:49]} c5 {[%clk 0:12:12]} 31. Bf1
{[%clk 0:33:05]} Qd6 {[%clk 0:11:59]} 32. Rb6 {[%clk 0:31:53]} Qb8
{[%clk 0:11:56]} 33. Rxg6+ {[%clk 0:31:15]} Kf7 {[%clk 0:11:11]} 34. Qxb8
{[%clk 0:30:50]} Rxb8 {[%clk 0:11:39]} 35. Rxh6 {[%clk 0:31:15]} Kg7
{[%clk 0:11:47]} 36. Rhb6 {[%clk 0:28:42]} Rc7 {[%clk 0:09:51]} 37. Bxa6
{[%clk 0:28:24]} c4 {[%clk 0:09:17]} 38. Bb5 {[%clk 0:26:22]} c3 {[%clk 0:09:06]}
39. Rc1 {[%clk 0:26:40]} Bb3 {[%clk 0:08:55]} 40. Be2 {[%clk 0:25:26]} Ba2
{[%clk 0:08:17]} 41. a6 {[%clk 0:24:08]} c2 {[%clk 0:05:41]} 42. axb7
{[%clk 0:23:12]} Bb1 {[%clk 0:05:44]} 43. Kf1 {[%clk 0:18:29]} Rd7
{[%clk 0:05:54]} 44. Ke1 {[%clk 0:18:17]} Kf7 {[%clk 0:05:26]} 45. f3
{[%clk 0:16:22]} Rc7 {[%clk 0:04:38]} 46. g4 {[%clk 0:16:26]} Rc5
{[%clk 0:02:49]} 47. g5 {[%clk 0:15:45]} Kg7 {[%clk 0:02:19]} 48. h4
{[%clk 0:16:04]} Rc7 {[%clk 0:01:53]} 49. h5 {[%clk 0:16:23]} Rbxb7
{[%clk 0:02:17]} 50. Rxb7 {[%clk 0:16:39]} Rxb7 {[%clk 0:02:45]} 51. fxe4
{[%clk 0:16:21]} fxe4 {[%clk 0:03:05]} 52. Bg4 {[%clk 0:16:38]} Rb5
{[%clk 0:03:18]} 53. g6 Rg5 {[%clk 0:03:40]} 54. Be2 {[%clk 0:16:31]} Rg1+
{[%clk 0:03:48]} 55. Kd2 {[%clk 0:16:37]} Rg2 {[%clk 0:04:01]} 56. Rf1
{[%clk 0:15:19]} Kh6 {[%clk 0:03:58]} 57. Re1 {[%clk 0:15:21]} Rh2
{[%clk 0:02:54]} 58. Kc1 {[%clk 0:14:46]} Kg7 {[%clk 0:03:00]} 59. Bg4
{[%clk 0:14:12]} Rh4 {[%clk 0:03:19]} 60. Rg1 {[%clk 0:13:16]} Rh2
{[%clk 0:03:03]} 61. Bf5 {[%clk 0:12:54]} Rxh5 {[%clk 0:03:09]} 62. Bxe4
{[%clk 0:12:56]} Re5 {[%clk 0:03:34]} 63. Rg4 {[%clk 0:11:36]} Re6
{[%clk 0:03:49]} 64. Rf4 {[%clk 0:10:29]} Re7 {[%clk 0:03:47]} 65. Rh4
{[%clk 0:08:37]} Kf6 {[%clk 0:02:56]} 66. Rg4 {[%clk 0:07:42]} Kg7
{[%clk 0:03:06]} 67. Kb2 {[%clk 0:06:55]} Rc7 {[%clk 0:02:47]} 68. Kc1
{[%clk 0:06:09]} Re7 {[%clk 0:03:10]} 69. Rf4 {[%clk 0:05:08]} Kh8
{[%clk 0:01:10]} 70. Kb2 {[%clk 0:04:45]} Kg7 {[%clk 0:01:29]} 71. Rg4
{[%clk 0:04:32]} Rc7 {[%clk 0:01:45]} 72. Kc1 {[%clk 0:04:27]} Re7
{[%clk 0:01:50]} 73. Rh4 {[%clk 0:03:54]} Kf6 {[%clk 0:02:14]} 74. Rf4+
{[%clk 0:03:21]} Kg7 {[%clk 0:02:32]} 75. Rf7+ {[%clk 0:03:40]} Rxf7
{[%clk 0:02:51]} 76. gxf7 {[%clk 0:04:04]} Kxf7 {[%clk 0:03:17]} 77. Bxc2
{[%clk 0:04:16]} Ba2 {[%clk 0:03:38]} 78. Kd2 {[%clk 0:04:39]} Bd5
{[%clk 0:03:57]} 79. Kc3 {[%clk 0:04:53]} Kf6 {[%clk 0:03:46]} 80. Kd4
{[%clk 0:05:16]} Bf3 {[%clk 0:03:50]} 81. Bb3 {[%clk 0:05:23]} Ke7
{[%clk 0:03:56]} 82. Ke5 {[%clk 0:05:37]} Bg4 {[%clk 0:03:54]} 83. Bd5
{[%clk 0:05:44]} Bd7 {[%clk 0:04:04]} 84. e4 {[%clk 0:05:05]} Bc8
{[%clk 0:04:18]} 85. Kd4 {[%clk 0:05:25]} Kf6 {[%clk 0:04:03]} 86. e5+
{[%clk 0:05:39]} Kf5 {[%clk 0:04:18]} 87. Bg2 {[%clk 0:05:45]} Kf4
{[%clk 0:04:33]} 88. Bf1 {[%clk 0:04:27]} Be6 {[%clk 0:04:41]} 89. Bg2
{[%clk 0:04:38]} Kf5 {[%clk 0:04:46]} 90. Bh3+ {[%clk 0:03:49]} Kg6
{[%clk 0:04:19]} 91. Bxe6 {[%clk 0:04:11]} Kg7 {[%clk 0:04:35]} 92. Kd5
{[%clk 0:04:34]} Kf8 {[%clk 0:04:58]} 93. Kd6 {[%clk 0:04:52]} Ke8
{[%clk 0:05:10]} 94. Bg4 {[%clk 0:05:02]} Kd8 {[%clk 0:05:23]} 95. e6
{[%clk 0:05:23]} Ke8 {[%clk 0:05:29]} 96. Bh5+ {[%clk 0:05:45]} Kf8
{[%clk 0:05:48]} 97. e7+ {[%clk 0:06:09]} Kg7 {[%clk 0:06:13]} 98. e8=Q
{[%clk 0:06:27]} 1-0

[Event "MPA 1820 2024"]
[Site "Sianozety"]
[Date "2024.04.12"]
[Round "1.7"]
[White "Kozik, Maksymilian"]
[Black "Mencfel, Artur"]
[Result "0-1"]
[BlackElo "1757"]
[WhiteElo "1626"]
[LiveChessVersion "1.4.4"]

1. e4 {[%clk 1:30:59]} c5 {[%clk 1:30:51]} 2. Nf3 {[%clk 1:31:24]} Nc6
{[%clk 1:31:10]} 3. d4 {[%clk 1:31:46]} cxd4 {[%clk 1:31:37]} 4. Nxd4
{[%clk 1:32:04]} e5 {[%clk 1:32:02]} 5. Nb5 {[%clk 1:32:24]} d6 {[%clk 1:32:26]}
6. Be3 {[%clk 1:32:30]} a6 {[%clk 1:32:09]} 7. N5c3 {[%clk 1:32:43]} Be6
{[%clk 1:32:27]} 8. Nd2 {[%clk 1:30:06]} Nf6 {[%clk 1:30:12]} 9. Nc4
{[%clk 1:28:05]} b5 {[%clk 1:29:39]} 10. Nb6 {[%clk 1:26:53]} Rb8
{[%clk 1:29:42]} 11. Nbd5 {[%clk 1:25:51]} Bxd5 {[%clk 1:29:41]} 12. exd5
{[%clk 1:23:31]} Ne7 {[%clk 1:29:13]} 13. Bg5 {[%clk 1:21:21]} Ng6
{[%clk 1:26:28]} 14. a4 {[%clk 1:21:21]} b4 {[%clk 1:18:33]} 15. Ne4
{[%clk 1:21:12]} Be7 {[%clk 1:15:43]} 16. Bxf6 {[%clk 1:19:10]} gxf6
{[%clk 1:15:37]} 17. Bxa6 {[%clk 1:19:17]} f5 {[%clk 1:15:29]} 18. Ng3
{[%clk 1:18:52]} f4 {[%clk 1:15:35]} 19. Nf5 {[%clk 1:14:06]} b3 {[%clk 1:13:32]}
20. Bb5+ {[%clk 1:13:51]} Kf8 {[%clk 1:12:31]} 21. Qh5 {[%clk 1:10:51]} Qa5+
{[%clk 1:12:48]} 22. Ke2 {[%clk 1:09:30]} Rxb5 {[%clk 1:06:18]} 23. axb5
{[%clk 1:06:22]} Qxb5+ {[%clk 1:06:44]} 24. Ke1 {[%clk 1:06:22]} Qxd5
{[%clk 1:06:42]} 25. Qh6+ {[%clk 1:06:33]} Ke8 26. Qh3 {[%clk 1:01:59]} Qe4+
{[%clk 1:06:45]} 27. Kf1 {[%clk 1:01:45]} bxc2 {[%clk 1:04:33]} 28. Ng7+
{[%clk 0:55:45]} Kf8 {[%clk 1:04:45]} 29. Nh5 {[%clk 0:52:37]} Qc4+
{[%clk 1:04:43]} 30. Ke1 c1=Q+ {[%clk 1:04:50]} 31. Rxc1 {[%clk 0:52:46]} Qxc1+
{[%clk 1:05:15]} 32. Ke2 {[%clk 0:53:10]} Qc4+ {[%clk 1:05:40]} 33. Kd2
{[%clk 0:53:18]} f6 {[%clk 1:05:04]} 34. Rc1 {[%clk 0:53:12]} Qd5+
{[%clk 1:05:26]} 35. Ke1 {[%clk 0:53:19]} Kf7 {[%clk 1:05:43]} 36. Qf5
{[%clk 0:51:51]} Qe6 {[%clk 1:05:46]} 37. Qc2 {[%clk 0:52:07]} Rd8
{[%clk 1:05:24]} 0-1